Normal view
MARC view
Entry Personal Name
001 - CONTROL NUMBER
- control field: 10225
003 - CONTROL NUMBER IDENTIFIER
- control field: OSt
005 - DATE AND TIME OF LATEST TRANSACTION
- control field: 20240404015620.0
008 - FIXED-LENGTH DATA ELEMENTS
- fixed length control field: 240404|| aca||aabn | a|a d
040 ## - CATALOGING SOURCE
- Original cataloging agency: OSt
- Transcribing agency: OSt
100 ## - HEADING--PERSONAL NAME
- Personal name: Moncada, Lorna B., adviser
670 ## - SOURCE DATA FOUND
- Source citation: Work cat.: (OSt): Arquileta, Sheena C., author 10222, A feasibility study in establishing "Imprenta" at Klim Building De Ocampo St. Barangay 3 Poblacion, Indang, Cavite /, 2012
